000
00201 a2200097 4500
001
2559
100
_a
Kingsley, Charles
245
_a
Westward HO
260
_a
_b
Macmillan & Co
_c
090
_c
1855
_d
1855
942
_a
NUST-CAE
_c
M
_c
9502
999
_c
237632
_d
237632